Hyris - Statistiques

Statistiques générales
  • Ce quiz a été pris 52 fois
  • Le résultat moyen est 7 sur 9
Statistiques - réponses
Hint Réponse % Correct
Par quel couleur de cheveux reconnait-on un hyrisman Bleu
100%
quel école se fait clash par hyris ? les Ponts
100%
quel événement est organisé par Hyris ? DT
98%
quel est le pôle le plus détesté ? Prod
96%
qui a regardé toute les vidéo du site ? Annik
82%
comment s'appelle la table son utilisée en DT ? Katherine
73%
quels sont les deux couleur d'un pull hyris Noir Blanc
67%
quelle est la chanson de l'orgie ? cry for you
51%
où se passent les dt ? Michelin Rousseau
29%
Aucun quiz correspondant
Distribution des résultats
% des personnes avec chaque résultat
Percentile par nombre de réponses
Votre historique - résultats
Vous n’avez pas pris ce quiz